[Event "WchT Seniors 50"]
[Site "Prague"]
[Date "2020.03.12"]
[Round "7.4"]
[White "Quinn, Peter"]
[Black "Bradac, Roman"]
[Result "0-1"]
[WhiteElo "1600"]
[BlackElo "1974"]
[PlyCount "80"]
[EventDate "2020.03.06"]
[EventType "team-swiss"]
[EventRounds "7"]
[EventCountry "CZE"]
[SourceTitle "CBM 195 Extra"]
[Source "ChessBase"]
[SourceDate "2020.05.31"]
[SourceVersion "1"]
[SourceVersionDate "2020.05.31"]
[SourceQuality "1"]
[WhiteTeam "Wales 50 II"]
[BlackTeam "Czech Republic 50 VIII"]
[WhiteTeamCountry "WLS"]
[BlackTeamCountry "CZE"]

1. e4 c5 2. Nf3 g6 3. d4 cxd4 4. Nxd4 Nc6 5. Be3 Nf6 6. Nc3 Bg7 7. f3 0-0 8. Bc4 Na5 9. Be2 d5 10. e5 Ne8 11. f4 a6 12. 0-0 b5 13. Nxd5 Bb7 14. Nb4 Nc7 15. c3 Qc8 16. Rc1 Nc4 17. Bxc4 bxc4 18. Nbc6 Nd5 19. Qa4 Qd7 20. Rfe1 Rfc8 21. Qxc4 Bxc6 22. Nxc6 Qxc6 23. Qf1 e6 24. Bd4 Bh6 25. g3 Qc4 26. Qh3 Bf8 27. b3 Qd3 28. Red1 Qf3 29. Qf1 Qxf1+ 30. Kxf1 Ba3 31. Rc2 Bc5 32. Ke1 Bxd4 33. Rxd4 Rxc3 34. Kd2 Rxc2+ 35. Kxc2 Rc8+ 36. Kd2 Kf8 37. Rc4 Rxc4 38. bxc4 Nb4 39. a3 Nc6 40. Kc3 Ke7 0-1

[Event "WchT Seniors 50"]
[Site "Prague"]
[Date "2020.03.08"]
[Round "3.8"]
[White "Bradac, Roman"]
[Black "Haentsch, Ralf"]
[Result "1-0"]
[WhiteElo "1974"]
[BlackElo "2087"]
[PlyCount "107"]
[EventDate "2020.03.06"]
[EventType "team-swiss"]
[EventRounds "7"]
[EventCountry "CZE"]
[SourceTitle "CBM 195 Extra"]
[Source "ChessBase"]
[SourceDate "2020.05.31"]
[SourceVersion "1"]
[SourceVersionDate "2020.05.31"]
[SourceQuality "1"]
[WhiteTeam "Czech Republic 50 VIII"]
[BlackTeam "Germany 50 III"]
[WhiteTeamCountry "CZE"]
[BlackTeamCountry "GER"]

1. d4 Nf6 2. Nf3 e6 3. Bf4 b6 4. e3 Bb7 5. Nbd2 Be7 6. h3 0-0 7. Bd3 d5 8. 0-0 c5 9. c3 Nc6 10. Qe2 Bd6 11. Ne5 Qc7 12. Ndf3 Ne4 13. Qc2 Ne7 14. Ng5 Nxg5 15. Bxg5 f6 16. Bxh7+ Kh8 17. Ng6+ Nxg6 18. Qxg6 Qf7 19. Bh4 f5 20. f4 Ba6 21. Rfc1 Bd3 22. g4 Qxg6 23. Bxg6 c4 24. g5 b5 25. a3 a5 26. Kf2 Ra7 27. Kf3 Rb8 28. Be1 Kg8 29. h4 Kf8 30. h5 Ke7 31. Rd1 Be4+ 32. Ke2 Kd7 33. Bd2 Rab7 34. Ra2 Bf8 35. Rg1 b4 36. axb4 axb4 37. Rga1 bxc3 38. Bxc3 Bb4 39. Ra7 Bxc3 40. bxc3 Kc8 41. Rxb7 Rxb7 42. h6 Rb2+ 43. Ke1 gxh6 44. gxh6 Rh2 45. h7 Kb7 46. Ra2 Rh1+ 47. Kf2 Rh2+ 48. Kg3 Rxa2 49. h8Q Rc2 50. Qf8 Kc7 51. Qe7+ Kb8 52. Be8 Rc1 53. Qd6+ Kb7 54. Bc6+ 1-0

[Event "Trebic Highlands op 12th"]
[Site "Trebic"]
[Date "2018.09.28"]
[Round "8"]
[White "Bartos, Jan"]
[Black "Bradac, Roman"]
[Result "1-0"]
[WhiteElo "2216"]
[BlackElo "1999"]
[PlyCount "41"]
[EventDate "2018.09.22"]
[EventType "swiss"]
[EventRounds "9"]
[EventCountry "CZE"]
[SourceTitle "CBM 186 Extra"]
[Source "ChessBase"]
[SourceDate "2018.08.24"]
[SourceVersion "1"]
[SourceVersionDate "2018.08.24"]
[SourceQuality "1"]

1. d4 Nf6 2. c4 e5 3. dxe5 Ng4 4. Nf3 Bc5 5. e3 Nc6 6. Nc3 Ngxe5 7. Nxe5 Nxe5 8. Be2 0-0 9. 0-0 Re8 10. b3 d6 11. Bb2 Bf5 12. Na4 b6 13. a3 a5 14. Bc3 Qg5 15. Nxc5 Bh3 16. Bf3 Nxf3+ 17. Qxf3 Bg4 18. Qg3 dxc5 19. h3 Re4 20. f4 Qg6 21. Qxg4 1-0

[Event "Trebic Highlands op 12th"]
[Site "Trebic"]
[Date "2018.09.28"]
[Round "7"]
[White "Svizensky, Lubos"]
[Black "Bradac, Roman"]
[Result "1/2-1/2"]
[WhiteElo "1937"]
[BlackElo "1999"]
[PlyCount "21"]
[EventDate "2018.09.22"]
[EventType "swiss"]
[EventRounds "9"]
[EventCountry "CZE"]
[SourceTitle "CBM 186 Extra"]
[Source "ChessBase"]
[SourceDate "2018.08.24"]
[SourceVersion "1"]
[SourceVersionDate "2018.08.24"]
[SourceQuality "1"]

1. e4 d6 2. d4 Nf6 3. Nc3 e5 4. dxe5 dxe5 5. Qxd8+ Kxd8 6. Bc4 Be6 7. Bxe6 fxe6 8. Nf3 Bd6 9. Bg5 Ke7 10. Ke2 Nbd7 11. Nd2 1/2-1/2

[Event "Trebic Highlands op 12th"]
[Site "Trebic"]
[Date "2018.09.24"]
[Round "3"]
[White "Bradac, Roman"]
[Black "Vincze, Roman"]
[Result "1/2-1/2"]
[WhiteElo "1999"]
[BlackElo "2097"]
[PlyCount "84"]
[EventDate "2018.09.22"]
[EventType "swiss"]
[EventRounds "9"]
[EventCountry "CZE"]
[SourceTitle "CBM 186 Extra"]
[Source "ChessBase"]
[SourceDate "2018.08.24"]
[SourceVersion "1"]
[SourceVersionDate "2018.08.24"]
[SourceQuality "1"]

1. d4 d5 2. c4 c6 3. Nf3 Nf6 4. e3 Bg4 5. Nc3 e6 6. h3 Bh5 7. g4 Bg6 8. Ne5 Nfd7 9. Nxg6 hxg6 10. Qb3 Qc7 11. Bd2 Be7 12. Rc1 Qb6 13. cxd5 Qxb3 14. axb3 exd5 15. e4 dxe4 16. Nxe4 0-0 17. Bg2 Na6 18. 0-0 Rfd8 19. Ba5 Rdc8 20. Bd2 Nc7 21. Nc5 Nxc5 22. dxc5 Ne6 23. Be3 Bf6 24. Rc2 Rd8 25. b4 a6 26. Be4 Rd7 27. b3 Rad8 28. Rc4 Rd1 29. Bc2 Rxf1+ 30. Kxf1 Bd4 31. Ke2 Kf8 32. h4 Ke7 33. Kf3 Bxe3 34. Kxe3 Rh8 35. g5 f6 36. gxf6+ Kxf6 37. Rg4 g5 38. hxg5+ Nxg5 39. Rf4+ Ke7 40. Rg4 Kf6 41. Rf4+ Ke7 42. Rg4 Kf6 1/2-1/2

[Event "CZE-chT2D 1617"]
[Site "Czech Republic"]
[Date "2017.03.19"]
[Round "10.4"]
[White "Bradac, Roman"]
[Black "Ringel, Zbynek"]
[Result "0-1"]
[WhiteElo "2018"]
[BlackElo "2224"]
[PlyCount "56"]
[EventDate "2016.10.09"]
[EventType "team-tourn"]
[EventRounds "11"]
[EventCountry "CZE"]
[SourceTitle "EXT 2022"]
[Source "ChessBase"]
[SourceDate "2021.10.06"]
[SourceVersion "1"]
[SourceVersionDate "2021.10.06"]
[SourceQuality "1"]
[WhiteTeam "Dalesice Pivovar"]
[BlackTeam "Hradec Kralove II"]
[WhiteTeamCountry "CZE"]
[BlackTeamCountry "CZE"]

1. Nf3 Nf6 2. d4 d5 3. c4 e6 4. Nc3 Be7 5. e3 0-0 6. Bd2 c5 7. Rc1 Nc6 8. cxd5 exd5 9. dxc5 Bxc5 10. Nb5 Ne4 11. Bd3 Nxd2 12. Rxc5 Nxf3+ 13. gxf3 Be6 14. h4 Qb6 15. Qc1 Rac8 16. Nd6 Nb4 17. Bxh7+ Kxh7 18. Qb1+ Kg8 19. Rxc8 Bxc8 20. Nf5 Bxf5 21. Qxf5 g6 22. Rg1 Qc6 23. Kd2 Kh7 24. Qb1 Rc8 25. a3 Qc2+ 26. Qxc2 Rxc2+ 27. Kd1 Rxb2 28. Rg5 Na2 0-1

[Event "CZE-chT2D 1617"]
[Site "Czech Republic"]
[Date "2016.11.13"]
[Round "3.4"]
[White "Nemec, Pavel"]
[Black "Bradac, Roman"]
[Result "0-1"]
[WhiteElo "2207"]
[BlackElo "2018"]
[PlyCount "70"]
[EventDate "2016.10.09"]
[EventType "team-tourn"]
[EventRounds "11"]
[EventCountry "CZE"]
[SourceTitle "EXT 2022"]
[Source "ChessBase"]
[SourceDate "2021.10.06"]
[SourceVersion "1"]
[SourceVersionDate "2021.10.06"]
[SourceQuality "1"]
[WhiteTeam "Vysoke Myto"]
[BlackTeam "Dalesice Pivovar"]
[WhiteTeamCountry "CZE"]
[BlackTeamCountry "CZE"]

1. e4 c5 2. Nc3 g6 3. g3 Bg7 4. Bg2 Nc6 5. d3 d6 6. Be3 Nf6 7. h3 0-0 8. Qd2 Nd4 9. Nce2 e5 10. c3 Nc6 11. f4 Re8 12. Nf3 c4 13. fxe5 dxe5 14. dxc4 Nxe4 15. Qxd8 Rxd8 16. Rd1 Rxd1+ 17. Kxd1 Be6 18. b3 Nd6 19. Ng5 Nf5 20. Bc1 Bd7 21. Bd5 Be8 22. Rf1 Rd8 23. Kc2 Rd7 24. g4 Nd6 25. c5 h6 26. cxd6 hxg5 27. Rd1 Bf8 28. Ba3 Kg7 29. Ng3 Nd8 30. Bc4 a6 31. Ne4 b5 32. Bd5 f5 33. Nxg5 Bxd6 34. Ne6+ Kf6 35. Bc1 Nxe6 0-1

[Event "CZE-chT1E 1314"]
[Site "Czech Republic"]
[Date "2014.04.13"]
[Round "11.8"]
[White "Bradac, Roman"]
[Black "Samu, Pavel"]
[Result "1/2-1/2"]
[WhiteElo "2028"]
[BlackElo "1929"]
[PlyCount "75"]
[EventDate "2013.10.20"]
[EventType "team-tourn"]
[EventRounds "11"]
[EventCountry "CZE"]
[SourceTitle "EXT 2015"]
[Source "ChessBase"]
[SourceDate "2014.11.20"]
[SourceVersion "1"]
[SourceVersionDate "2014.11.20"]
[SourceQuality "1"]
[WhiteTeam "Dalesice Pivovar"]
[BlackTeam "Ostrava"]
[WhiteTeamCountry "CZE"]
[BlackTeamCountry "CZE"]

1. d4 d5 2. Nf3 Nc6 3. Bf4 Bg4 4. Nbd2 f6 5. h3 Bh5 6. g4 Bf7 7. c3 e6 8. e4 Nge7 9. Bd3 Ng6 10. Bg3 Bd6 11. exd5 exd5 12. Qe2+ Nce7 13. 0-0-0 0-0 14. Rde1 Re8 15. Qd1 Nf4 16. Bc2 Bg6 17. Bxf4 Bxc2 18. Qxc2 Bxf4 19. Nh4 Qd7 20. Kb1 b5 21. Nb3 Bd6 22. Rhf1 a5 23. f4 a4 24. Nc5 Bxc5 25. dxc5 Nc6 26. Qf5 Qxf5+ 27. Nxf5 g6 28. Nd4 Nxd4 29. cxd4 Kf7 30. Kc2 b4 31. Kd2 a3 32. Rxe8 Kxe8 33. b3 Kf7 34. Re1 Re8 35. Rxe8 Kxe8 36. f5 g5 37. Ke3 h6 38. Kf3 1/2-1/2

[Event "Trebic Highlands op 09th"]
[Site "Trebic"]
[Date "2013.09.23"]
[Round "4"]
[White "Bradac, Roman"]
[Black "Filzmaier, Bruno"]
[Result "1-0"]
[WhiteElo "1998"]
[BlackElo "1920"]
[PlyCount "117"]
[EventDate "2013.09.21"]
[EventType "swiss"]
[EventRounds "9"]
[EventCountry "CZE"]
[SourceTitle "CBM 156 Extra"]
[Source "ChessBase"]
[SourceDate "2013.10.22"]
[SourceVersion "1"]
[SourceVersionDate "2013.10.22"]
[SourceQuality "1"]

1. d4 e6 2. Nf3 d5 3. c4 Nf6 4. e3 a6 5. Nc3 Nbd7 6. Bd3 dxc4 7. Bxc4 b5 8. Bd3 Bb7 9. 0-0 c5 10. Re1 Be7 11. e4 cxd4 12. Nxd4 Nc5 13. e5 Nxd3 14. Qxd3 Bc5 15. Ncxb5 axb5 16. exf6 0-0 17. fxg7 Re8 18. Rd1 Qb6 19. Be3 e5 20. Qxb5 Red8 21. Qxb6 Bxb6 22. Nf5 Bxe3 23. fxe3 Be4 24. Ng3 Bc2 25. Rxd8+ Rxd8 26. a4 Rb8 27. a5 Rxb2 28. a6 Rb8 29. a7 Ra8 30. Rc1 Bg6 31. Rc7 Kxg7 32. e4 Kf6 33. Nf5 h5 34. Kf2 Bxf5 35. exf5 Kxf5 36. Rxf7+ Ke4 37. Rh7 Kd4 38. Ke2 Ke4 39. g3 Kd4 40. Rb7 Ke4 41. Rd7 Kf5 42. Kf3 Rc8 43. Rf7+ Ke6 44. Rc7 Ra8 45. Ke4 Kd6 46. Rh7 Rc8 47. Rh6+ Kc7 48. Rxh5 Kb7 49. Rh6 Kxa7 50. Kxe5 Kb7 51. Rd6 Kc7 52. Rd3 Re8+ 53. Kf4 Rf8+ 54. Kg4 Rg8+ 55. Kf3 Rf8+ 56. Kg2 Kc6 57. h4 Kc5 58. Kh3 Kc4 59. Rd1 1-0

[Event "Trebic Highlands op 09th"]
[Site "Trebic"]
[Date "2013.09.21"]
[Round "1"]
[White "Aleksandravicius, Darius"]
[Black "Bradac, Roman"]
[Result "0-1"]
[WhiteElo "1718"]
[BlackElo "1998"]
[PlyCount "84"]
[EventDate "2013.09.21"]
[EventType "swiss"]
[EventRounds "9"]
[EventCountry "CZE"]
[SourceTitle "CBM 156 Extra"]
[Source "ChessBase"]
[SourceDate "2013.10.22"]
[SourceVersion "1"]
[SourceVersionDate "2013.10.22"]
[SourceQuality "1"]

1. Nf3 c5 2. c4 g6 3. Nc3 Nf6 4. d4 cxd4 5. Nxd4 Nc6 6. Nc2 Bg7 7. g3 0-0 8. Bg2 a5 9. 0-0 a4 10. Nb5 d6 11. Bd2 Be6 12. Ne3 Nd7 13. Bc3 Bxc3 14. Nxc3 Qa5 15. Ncd5 Rfc8 16. Nf4 Nc5 17. Nxe6 Nxe6 18. b3 axb3 19. axb3 Qxa1 20. Qxa1 Rxa1 21. Rxa1 Ned4 22. Ra2 Nxb3 23. Rb2 Nc5 24. f4 Ra8 25. Kf2 Ra4 26. Bxc6 bxc6 27. Rb8+ Kg7 28. Rc8 Ne4+ 29. Kf3 Nd2+ 30. Kf2 c5 31. Rc7 e6 32. Rc6 Ra3 33. g4 Rc3 34. g5 h5 35. gxh6+ Kxh6 36. Ke1 Ne4 37. Ng4+ Kh5 38. Nf6+ Nxf6 39. Rxd6 Rxc4 40. e3 Rc1+ 41. Ke2 Rc2+ 42. Kf3 Rf2+ 0-1

[Event "CZE-chT2D 1112"]
[Site "Czech Republic"]
[Date "2012.03.04"]
[Round "9"]
[White "Bradac, Roman"]
[Black "Cechura, Petr"]
[Result "0-1"]
[WhiteElo "2038"]
[BlackElo "2217"]
[PlyCount "48"]
[EventDate "2011.10.09"]
[EventType "team-tourn"]
[EventRounds "11"]
[EventCountry "CZE"]
[SourceTitle "EXT 2013"]
[Source "ChessBase"]
[SourceDate "2012.11.22"]
[SourceVersion "1"]
[SourceVersionDate "2012.11.22"]
[SourceQuality "1"]
[WhiteTeam "Trebic Caissa II"]
[BlackTeam "Rychnov nad Kneznou"]
[WhiteTeamCountry "CZE"]
[BlackTeamCountry "CZE"]

1. c4 e5 2. Nc3 Nc6 3. g3 Nf6 4. Bg2 g6 5. d3 Bg7 6. Bg5 h6 7. Bxf6 Bxf6 8. Nf3 Bg7 9. 0-0 0-0 10. Rb1 f5 11. Nd2 d6 12. b4 Kh8 13. b5 Nd4 14. e3 Ne6 15. a4 Rb8 16. Nd5 Nc5 17. Qc2 Be6 18. Nb4 f4 19. gxf4 exf4 20. d4 f3 21. Bxf3 Rxf3 22. dxc5 Rh3 23. f4 Bf5 24. Qb3 dxc5 0-1

[Event "CZE-chT2D 1112"]
[Site "Czech Republic"]
[Date "2012.02.19"]
[Round "8"]
[White "Hajek, Jiri"]
[Black "Bradac, Roman"]
[Result "1/2-1/2"]
[WhiteElo "2115"]
[BlackElo "2038"]
[PlyCount "86"]
[EventDate "2011.10.09"]
[EventType "team-tourn"]
[EventRounds "11"]
[EventCountry "CZE"]
[SourceTitle "EXT 2013"]
[Source "ChessBase"]
[SourceDate "2012.11.22"]
[SourceVersion "1"]
[SourceVersionDate "2012.11.22"]
[SourceQuality "1"]
[WhiteTeam "Zajecice"]
[BlackTeam "Trebic Caissa II"]
[WhiteTeamCountry "CZE"]
[BlackTeamCountry "CZE"]

1. d4 Nf6 2. Nf3 e6 3. Bf4 c5 4. c3 b6 5. Nbd2 Bb7 6. e3 cxd4 7. exd4 Be7 8. Bd3 0-0 9. 0-0 d6 10. Re1 Re8 11. Qe2 Nc6 12. Rad1 Rc8 13. Bb1 Bf8 14. Qd3 g6 15. Bg5 Be7 16. h4 Qc7 17. Bxf6 Bxf6 18. Ne4 Bg7 19. h5 e5 20. hxg6 hxg6 21. dxe5 Nxe5 22. Qxd6 Nxf3+ 23. gxf3 Re6 24. Qxc7 Rxc7 25. Rd8+ Bf8 26. Red1 Kg7 27. R8d7 Re7 28. Rxc7 Rxc7 29. Kg2 Bc6 30. Bc2 Rd7 31. Rxd7 Bxd7 32. Nd2 g5 33. Ne4 Be7 34. f4 gxf4 35. Kf3 f5 36. Nd2 Bd6 37. Nb3 Kf6 38. Nd4 Ke5 39. Ke2 Bc5 40. Nf3+ Kf6 41. Nd4 Ke5 42. Nf3+ Kf6 43. Nd4 Ke5 1/2-1/2

[Event "Brno op 2nd"]
[Site "Brno"]
[Date "2011.11.16"]
[Round "6"]
[White "Kosina, Vladimir"]
[Black "Bradac, Roman"]
[Result "1/2-1/2"]
[WhiteElo "1811"]
[BlackElo "2032"]
[PlyCount "80"]
[EventDate "2011.11.12"]
[EventType "swiss"]
[EventRounds "9"]
[EventCountry "CZE"]
[SourceTitle "EXT 2012"]
[Source "ChessBase"]
[SourceDate "2011.11.24"]
[SourceVersion "1"]
[SourceVersionDate "2011.11.24"]
[SourceQuality "1"]

1. d4 Nf6 2. Bg5 c5 3. Nf3 Qb6 4. b3 Ne4 5. Bf4 Nc6 6. d5 Nd4 7. Qd3 Nf6 8. e4 Nxf3+ 9. gxf3 d6 10. Qb5+ Bd7 11. Qxb6 axb6 12. c4 g6 13. a4 Bg7 14. Ra2 0-0 15. h4 Nh5 16. Be3 f5 17. Bh3 Be5 18. Rc2 Nf4 19. Bxf4 Bxf4 20. Nc3 Bc8 21. Ne2 Bh6 22. Rg1 fxe4 23. Bxc8 Raxc8 24. fxe4 Rf3 25. Rg3 Rcf8 26. Rxf3 Rxf3 27. Rc3 Rf8 28. Kf1 Bg7 29. Rh3 Be5 30. Kg2 Kg7 31. Rh1 Kh6 32. f3 Kg7 33. Rb1 Ra8 34. f4 Bf6 35. Kh3 b5 36. axb5 Ra2 37. Ng1 Rc2 38. Nf3 Rc3 39. Kg2 Rc2+ 40. Kg3 Rc3 1/2-1/2

[Event "Brno op 2nd"]
[Site "Brno"]
[Date "2011.11.15"]
[Round "5"]
[White "Bradac, Roman"]
[Black "Cip, Dalibor"]
[Result "0-1"]
[WhiteElo "2032"]
[BlackElo "2106"]
[PlyCount "94"]
[EventDate "2011.11.12"]
[EventType "swiss"]
[EventRounds "9"]
[EventCountry "CZE"]
[SourceTitle "EXT 2012"]
[Source "ChessBase"]
[SourceDate "2011.11.24"]
[SourceVersion "1"]
[SourceVersionDate "2011.11.24"]
[SourceQuality "1"]

1. c4 e6 2. g3 f5 3. Bg2 Nf6 4. Nf3 c6 5. 0-0 d5 6. d3 dxc4 7. dxc4 Qxd1 8. Rxd1 Bc5 9. Bf4 0-0 10. Nc3 Nbd7 11. h3 Re8 12. Ne5 Nxe5 13. Bxe5 Nd7 14. Bd6 e5 15. Bxc5 Nxc5 16. b4 Ne4 17. Nxe4 fxe4 18. Bxe4 Bxh3 19. Rd2 Re7 20. Rad1 Be6 21. c5 a5 22. Rd8+ Rxd8 23. Rxd8+ Kf7 24. Bxh7 axb4 25. Bg8+ Kf6 26. Rf8+ Kg6 27. Bxe6 Rxe6 28. f4 exf4 29. Rxf4 Rxe2 30. Rxb4 Rxa2 31. Rg4+ Kf6 32. Rf4+ Ke6 33. Rg4 Kf7 34. Rf4+ Kg8 35. Rc4 Rb2 36. Kf1 Kf7 37. Rd4 Ke6 38. Rd6+ Ke7 39. Rg6 Kf7 40. Rd6 g6 41. Kg1 Kg7 42. Rd7+ Kf6 43. Kf1 Kf5 44. Rg7 g5 45. Ke1 Kg4 46. Kf1 Kf3 47. Ke1 g4 0-1

[Event "Zdar nad Sazavou Vysocina op 8th"]
[Site "Zdar nad Sazavou"]
[Date "2011.09.28"]
[Round "5"]
[White "Bradac, Roman"]
[Black "Denk, Petr"]
[Result "1-0"]
[WhiteElo "2038"]
[BlackElo "1808"]
[PlyCount "49"]
[EventDate "2011.09.24"]
[EventType "swiss"]
[EventRounds "9"]
[EventCountry "CZE"]
[SourceTitle "CBM 144 Extra"]
[Source "ChessBase"]
[SourceDate "2011.10.28"]
[SourceVersion "1"]
[SourceVersionDate "2011.10.28"]
[SourceQuality "1"]

1. c4 c5 2. Nc3 Nf6 3. g3 e6 4. Nf3 d5 5. cxd5 exd5 6. d4 Nc6 7. Bg2 Bf5 8. 0-0 Be7 9. dxc5 Bxc5 10. Bg5 Be6 11. Bxf6 gxf6 12. Nb5 Qb6 13. Qa4 a6 14. Nc3 Qxb2 15. Rfc1 Qa3 16. Qf4 Be7 17. Nh4 Rd8 18. Nf5 Qb4 19. Ng7+ Kf8 20. Qh6 Kg8 21. Ne4 Qd4 22. Nh5 f5 23. Nef6+ Bxf6 24. Nxf6+ Qxf6 25. Qxf6 1-0